[Event "Oberliga Ost A"]
[Site "?"]
[Date "2022.04.02"]
[Round "10.7"]
[White "Hoerr, Matthias"]
[Black "Pesztericz, Laszlo"]
[Result "1/2-1/2"]
[WhiteElo "2146"]
[BlackElo "2031"]
[PlyCount "144"]
[EventDate "2021.10.10"]
[EventType "team-tourn"]
[EventCountry "GER"]
[WhiteTeam "Plauen SK Koenig"]
[BlackTeam "Magdeburg SV Rochade"]
[WhiteTeamCountry "GER"]
[BlackTeamCountry "GER"]

1. e4 e5 2. Nc3 Nf6 3. Nf3 Nc6 4. d4 exd4 5. Nxd4 Bb4 6. Nxc6 bxc6 7. Bd3 d5 8.
exd5 cxd5 9. O-O O-O 10. h3 c6 11. Qf3 Be6 12. Bg5 Bd6 13. Rfe1 Rb8 14. Rab1 h6
15. Bxf6 Qxf6 16. Qxf6 gxf6 17. Ne2 c5 18. b3 Kh8 19. Ng3 Rg8 20. Nf5 Bxf5 21.
Bxf5 Rge8 22. Bd7 Re5 23. g3 Rd8 24. Bc6 d4 25. f4 Rxe1+ 26. Rxe1 Kg7 27. Kf2
f5 28. Kf3 Kf6 29. g4 Bc7 30. Bb5 Ba5 31. Re5 fxg4+ 32. hxg4 Bb4 33. Rh5 Kg7
34. Re5 Kf6 35. Ke4 a5 36. Be8 Kg7 37. Bb5 Kf6 38. Kd3 Rg8 39. Bd7 Rd8 40. Be8
Kg7 41. Bc6 Rd6 42. Bd5 Rg6 43. Bf3 Re6 44. Be4 Rxe5 45. fxe5 Kf8 46. Kc4 Ke7
47. Kd5 Ba3 48. Bf5 Bb4 49. Kc6 Kd8 50. Bd3 Ke7 51. Bc4 f6 52. e6 Ba3 53. Kb5
Bb4 54. Ka4 Bc3 55. Bd5 Kd6 56. Kb5 Bb4 57. Kc4 Ba3 58. Kb5 Bb4 59. Kb6 Ke7 60.
Kc7 Ba3 61. Bc4 Bb4 62. Kc6 Ba3 63. Kd5 Bb4 64. Ke4 Ba3 65. Kd3 Bb4 66. Bd5 Kd6
67. Kc4 Ba3 68. Kb5 Bb4 69. Ka4 Bc3 70. a3 Bb2 71. Bc4 Bc1 72. Bd5 Bb2 1/2-1/2

[Event "Oberliga Ost A"]
[Site "?"]
[Date "2022.04.02"]
[Round "10.8"]
[White "Kuna, Ralf Michael"]
[Black "Pivtorak, Ilya"]
[Result "1-0"]
[WhiteElo "2110"]
[BlackElo "1626"]
[PlyCount "85"]
[EventDate "2021.10.10"]
[EventType "team-tourn"]
[EventCountry "GER"]
[WhiteTeam "Magdeburg SV Rochade"]
[BlackTeam "Plauen SK Koenig"]
[WhiteTeamCountry "GER"]
[BlackTeamCountry "GER"]

1. e4 e5 2. Nf3 Nc6 3. Bb5 a6 4. Bxc6 dxc6 5. d4 exd4 6. Qxd4 Qxd4 7. Nxd4 Bc5
8. Be3 Nf6 9. f3 O-O 10. Nc3 Re8 11. O-O-O Ba7 12. Rhe1 c5 13. Nde2 b5 14. Bg5
Nd7 15. Nd5 Bb8 16. Ne7+ Kf8 17. Nxc8 Nf6 18. Bxf6 gxf6 19. Rd5 c4 20. Red1
Rxc8 21. Rd8+ Rxd8 22. Rxd8+ Ke7 23. Rh8 c5 24. Kd1 Kd7 25. c3 Kc6 26. Kc2 h5
27. h4 Kb7 28. Rxh5 Bd6 29. Rf5 Rg8 30. g4 Be7 31. Nf4 Rh8 32. Rh5 Rxh5 33.
Nxh5 f5 34. g5 fxe4 35. fxe4 Kc6 36. Kd2 Kd6 37. Ke3 Ke5 38. Nf6 Bxf6 39. gxf6
b4 40. Kf3 a5 41. a3 a4 42. Ke3 Ke6 43. Kf4 1-0

[Event "Oberliga Ost A"]
[Site "?"]
[Date "2022.04.03"]
[Round "11.1"]
[White "Mueller, Dominik"]
[Black "Pulpan, Jakub"]
[Result "0-1"]
[WhiteElo "2220"]
[BlackElo "2418"]
[PlyCount "58"]
[EventDate "2021.10.10"]
[EventType "team-tourn"]
[EventCountry "GER"]
[WhiteTeam "Magdeburg SV Rochade"]
[BlackTeam "Aue ESV Nickelhuette"]
[WhiteTeamCountry "GER"]
[BlackTeamCountry "GER"]

1. e4 e5 2. Nc3 Bb4 3. Qg4 Kf8 4. Qg3 Nc6 5. Bc4 Nf6 6. Nge2 Na5 7. Bd3 h5 8.
f4 h4 9. Qf3 d6 10. h3 Bc5 11. Na4 Nc6 12. Nxc5 dxc5 13. O-O exf4 14. Qxf4 Qe7
15. b3 Nh5 16. Qf2 Be6 17. c3 Kg8 18. Ba3 b6 19. Bb5 Ne5 20. Ba6 Bc8 21. Bxc8
Rxc8 22. d4 Nd7 23. Rad1 Rh6 24. dxc5 Nxc5 25. Qf5 Re8 26. Rd5 Nf6 27. Rd4
Nfxe4 28. Nf4 Ng3 29. Bxc5 Qe3+ 0-1

[Event "Oberliga Ost A"]
[Site "?"]
[Date "2022.04.03"]
[Round "11.2"]
[White "Cerveny, Martin"]
[Black "Stolz, Mike"]
[Result "0-1"]
[WhiteElo "2412"]
[BlackElo "2339"]
[PlyCount "70"]
[EventDate "2021.10.10"]
[EventType "team-tourn"]
[EventCountry "GER"]
[WhiteTeam "Aue ESV Nickelhuette"]
[BlackTeam "Magdeburg SV Rochade"]
[WhiteTeamCountry "GER"]
[BlackTeamCountry "GER"]

1. Nf3 c5 2. e3 g6 3. d4 Bg7 4. Be2 Nf6 5. O-O cxd4 6. exd4 O-O 7. Re1 b6 8. b3
Bb7 9. Bb2 d6 10. c4 Nbd7 11. Nc3 d5 12. h3 Rc8 13. Bf1 Re8 14. a4 Nb8 15. Ra2
Nc6 16. Ba3 dxc4 17. bxc4 Na5 18. Ne5 Nd7 19. Qg4 Nf6 20. Qh4 Nd7 21. Ng4 h5
22. Ne3 Bf6 23. Qg3 Bxd4 24. Ncd5 e6 25. Rd2 Be5 26. f4 Bg7 27. f5 exd5 28.
fxg6 fxg6 29. Qxg6 Qf6 30. Qxh5 Qh6 31. Qf5 Rxe3 32. Rxe3 Qxe3+ 33. Rf2 Nc5 34.
Bxc5 bxc5 35. Bd3 Qxf2+ 0-1

[Event "Oberliga Ost A"]
[Site "?"]
[Date "2022.04.03"]
[Round "11.3"]
[White "Niering, Martin"]
[Black "Eichner, Sebastian"]
[Result "0-1"]
[WhiteElo "2166"]
[BlackElo "2353"]
[PlyCount "88"]
[EventDate "2021.10.10"]
[EventType "team-tourn"]
[EventCountry "GER"]
[WhiteTeam "Magdeburg SV Rochade"]
[BlackTeam "Aue ESV Nickelhuette"]
[WhiteTeamCountry "GER"]
[BlackTeamCountry "GER"]

1. e4 e6 2. d4 d5 3. e5 c5 4. c3 Nc6 5. Nf3 Bd7 6. Bd3 Qb6 7. O-O cxd4 8. Re1
Nge7 9. h4 g6 10. Nbd2 dxc3 11. bxc3 Qc7 12. Nb3 Na5 13. Bd2 Nc4 14. Bc1 Bg7
15. Qe2 O-O 16. Nbd4 Rac8 17. Bf4 Nf5 18. g3 Nxd4 19. cxd4 Qa5 20. h5 Rc7 21.
h6 Bh8 22. Rac1 Rfc8 23. Nh2 Na3 24. Rcd1 Nc2 25. Bxc2 Rxc2 26. Qf3 Ba4 27. Be3
Rxa2 28. Rb1 Bc2 29. Rbc1 Qd8 30. Qf4 Rc6 31. Ng4 Bf5 32. Nf6+ Bxf6 33. exf6
Rac2 34. Rcd1 R2c3 35. g4 Bc2 36. Ra1 a6 37. Bd2 R3c4 38. Be3 Be4 39. Qg5 Qc8
40. Rad1 Bc2 41. Rd2 a5 42. f3 a4 43. Bf2 a3 44. Rde2 a2 0-1

[Event "Oberliga Ost A"]
[Site "?"]
[Date "2022.04.03"]
[Round "11.4"]
[White "Spiess, Gunter"]
[Black "Kahe, Ralph"]
[Result "1-0"]
[WhiteElo "2388"]
[BlackElo "2170"]
[PlyCount "55"]
[EventDate "2021.10.10"]
[EventType "team-tourn"]
[EventCountry "GER"]
[WhiteTeam "Aue ESV Nickelhuette"]
[BlackTeam "Magdeburg SV Rochade"]
[WhiteTeamCountry "GER"]
[BlackTeamCountry "GER"]

1. d4 g6 2. c4 Bg7 3. e4 c5 4. Nf3 d6 5. Be2 Nc6 6. d5 Nd4 7. O-O Nxf3+ 8. Bxf3
Nf6 9. Nc3 O-O 10. Bg5 h6 11. Be3 Nd7 12. Qd2 Kh7 13. Be2 Ne5 14. f4 Ng4 15.
Bxg4 Bxg4 16. f5 gxf5 17. h3 f4 18. Rxf4 Bd7 19. Raf1 Be8 20. Rh4 e5 21. Bg5 f6
22. Bxh6 Bg6 23. Rf3 Rh8 24. Rg3 Qe8 25. Nb5 Qd7 26. Be3+ Kg8 27. Rxh8+ Kxh8
28. Rxg6 1-0

[Event "Oberliga Ost A"]
[Site "?"]
[Date "2022.04.03"]
[Round "11.5"]
[White "Horvath, Julia"]
[Black "Langrock, Hannes"]
[Result "1/2-1/2"]
[WhiteElo "2171"]
[BlackElo "2351"]
[PlyCount "68"]
[EventDate "2021.10.10"]
[EventType "team-tourn"]
[EventCountry "GER"]
[WhiteTeam "Magdeburg SV Rochade"]
[BlackTeam "Aue ESV Nickelhuette"]
[WhiteTeamCountry "GER"]
[BlackTeamCountry "GER"]

1. d4 Nf6 2. c4 e6 3. Nf3 d5 4. g3 dxc4 5. Bg2 Bd7 6. Ne5 Bc6 7. Nxc6 Nxc6 8.
e3 Qd7 9. O-O Rd8 10. Qe2 e5 11. Qxc4 exd4 12. exd4 Nxd4 13. Be3 c5 14. Nc3 Be7
15. Rad1 O-O 16. a4 Qg4 17. Bxd4 Rxd4 18. Rxd4 Qxd4 19. Qe2 Qd7 20. Rd1 Qe6 21.
Qxe6 fxe6 22. Bh3 Kf7 23. Re1 Rd8 24. Bxe6+ Kf8 25. Bc4 a6 26. Kg2 Bd6 27. h3
Bc7 28. Re3 Rd2 29. b3 Rd8 30. Ne4 Nxe4 31. Rxe4 Re8 32. Rxe8+ Kxe8 33. Kf3 Ke7
34. Ke4 Ba5 1/2-1/2

[Event "Oberliga Ost A"]
[Site "?"]
[Date "2022.04.03"]
[Round "11.6"]
[White "Solberg, Joachim"]
[Black "Schulze, Nick"]
[Result "1-0"]
[WhiteElo "2189"]
[BlackElo "1953"]
[PlyCount "79"]
[EventDate "2021.10.10"]
[EventType "team-tourn"]
[EventCountry "GER"]
[WhiteTeam "Aue ESV Nickelhuette"]
[BlackTeam "Magdeburg SV Rochade"]
[WhiteTeamCountry "GER"]
[BlackTeamCountry "GER"]

1. e4 c5 2. c3 Nf6 3. e5 Nd5 4. Nf3 Nc6 5. d4 e6 6. a3 cxd4 7. cxd4 d6 8. exd6
Bxd6 9. Nc3 O-O 10. Bc4 Re8 11. O-O Bf8 12. Re1 Nb6 13. Bd3 h6 14. Bc2 g6 15.
Qd3 Bg7 16. Be3 Ne7 17. Rad1 Nbd5 18. Bc1 b6 19. Ne5 Bb7 20. Qh3 Nf5 21. Bxf5
exf5 22. Bxh6 Nxc3 23. bxc3 Bf6 24. Bf4 b5 25. Rd3 Be4 26. Rg3 Bh4 27. Nxg6
fxg6 28. Rxg6+ Kf7 29. Rd6 Bc2 30. Rc1 Qe7 31. Be5 Be4 32. Re1 Bc2 33. Rh6 Rh8
34. Rxh8 Rxh8 35. Qf3 Rh6 36. Qd5+ Re6 37. Qxb5 Qxa3 38. Qe2 Qxc3 39. Rc1 Bd3
40. Qh5+ 1-0

[Event "Oberliga Ost A"]
[Site "?"]
[Date "2022.04.03"]
[Round "11.7"]
[White "Pesztericz, Laszlo"]
[Black "Wichmann, Cliff"]
[Result "0-1"]
[WhiteElo "2043"]
[BlackElo "2303"]
[PlyCount "86"]
[EventDate "2021.10.10"]
[EventType "team-tourn"]
[EventCountry "GER"]
[WhiteTeam "Magdeburg SV Rochade"]
[BlackTeam "Aue ESV Nickelhuette"]
[WhiteTeamCountry "GER"]
[BlackTeamCountry "GER"]

1. e4 e6 2. d4 d5 3. Nc3 Nf6 4. Bg5 Bb4 5. e5 h6 6. Bd2 Bxc3 7. bxc3 Ne4 8. Nf3
c5 9. Bd3 Nc6 10. O-O O-O 11. Re1 Nxd2 12. Qxd2 Qa5 13. dxc5 Qxc5 14. Rab1 Qa5
15. c4 dxc4 16. Bxc4 Qxd2 17. Nxd2 b6 18. Bd3 Rd8 19. Rbd1 Bb7 20. Be4 Rac8 21.
Nc4 Rc7 22. Rxd8+ Nxd8 23. Bxb7 Nxb7 24. Ne3 Na5 25. f4 Rc3 26. f5 Nc6 27. f6
Nxe5 28. fxg7 Kxg7 29. Kf2 Nc4 30. Nxc4 Rxc2+ 31. Re2 Rxc4 32. Rd2 Kg6 33. Ke3
e5 34. g3 Ra4 35. Rd6+ f6 36. Rd2 Kf5 37. Rf2+ Ke6 38. Rd2 h5 39. Rc2 h4 40.
Rd2 hxg3 41. hxg3 Ra3+ 42. Kf2 Kf5 43. Kg2 Kg4 0-1

[Event "Oberliga Ost A"]
[Site "?"]
[Date "2022.04.03"]
[Round "11.8"]
[White "Schramm, Torsten"]
[Black "Kuna, Ralf Michael"]
[Result "1/2-1/2"]
[WhiteElo "2225"]
[BlackElo "2110"]
[PlyCount "29"]
[EventDate "2021.10.10"]
[EventType "team-tourn"]
[EventCountry "GER"]
[WhiteTeam "Aue ESV Nickelhuette"]
[BlackTeam "Magdeburg SV Rochade"]
[WhiteTeamCountry "GER"]
[BlackTeamCountry "GER"]

1. Nf3 d5 2. d4 Nf6 3. c4 c6 4. cxd5 cxd5 5. Nc3 Nc6 6. e3 g6 7. Be2 Bg7 8. O-O
O-O 9. b3 Bg4 10. Bb2 e6 11. Ne5 Bxe2 12. Qxe2 Nxe5 13. dxe5 Nd7 14. f4 a6 15.
Rfd1 1/2-1/2

[Event "Oberliga Ost A"]
[Site "?"]
[Date "2022.04.03"]
[Round "11.2"]
[White "Matthey, Harald"]
[Black "Rudolf, Sebastian"]
[Result "0-1"]
[WhiteElo "2098"]
[BlackElo "2309"]
[PlyCount "74"]
[EventDate "2021.10.10"]
[EventType "team-tourn"]
[EventCountry "GER"]
[WhiteTeam "Dessau SK"]
[BlackTeam "Dresden SG Gruen Weiss"]
[WhiteTeamCountry "GER"]
[BlackTeamCountry "GER"]

1. d4 Nf6 2. Nf3 c5 3. c3 e6 4. e3 b6 5. a4 Nc6 6. Nbd2 Bb7 7. Bd3 Be7 8. O-O
d5 9. Qe2 O-O 10. Rd1 Qc7 11. b3 e5 12. dxe5 Nxe5 13. Nxe5 Qxe5 14. Bb2 Ne4 15.
f4 Qc7 16. c4 Bf6 17. Nxe4 Bxb2 18. Ng5 h6 19. Qxb2 hxg5 20. fxg5 Qe7 21. Qf2
Qxg5 22. Rf1 Rae8 23. Rae1 Re7 24. h4 Qe5 25. Qe2 dxc4 26. Bxc4 Bd5 27. Qc2
Bxc4 28. Qxc4 Rd8 29. Re2 Qe4 30. Qa6 Qxh4 31. Ref2 Qb4 32. Qc4 Qxc4 33. bxc4
Rd3 34. a5 Rdxe3 35. axb6 axb6 36. Rb2 R7e6 37. Kf2 Rc3 0-1

[Event "Oberliga Ost A"]
[Site "?"]
[Date "2022.04.03"]
[Round "11.3"]
[White "Dahl, Christoph"]
[Black "Schubert, Ralf"]
[Result "1-0"]
[WhiteElo "2368"]
[BlackElo "2109"]
[PlyCount "75"]
[EventDate "2021.10.10"]
[EventType "team-tourn"]
[EventCountry "GER"]
[WhiteTeam "Dresden SG Gruen Weiss"]
[BlackTeam "Dessau SK"]
[WhiteTeamCountry "GER"]
[BlackTeamCountry "GER"]

1. e4 d6 2. d4 Nf6 3. Nc3 g6 4. f4 Bg7 5. Nf3 O-O 6. Bd3 Na6 7. e5 Nd7 8. O-O
c5 9. Bxa6 cxd4 10. Qxd4 bxa6 11. Be3 Bb7 12. Rad1 Nb6 13. Qb4 a5 14. Qb3 Ba6
15. Bxb6 axb6 16. Rfe1 Rc8 17. Ne4 Qc7 18. exd6 exd6 19. Nxd6 Rcd8 20. Qd5 Qxc2
21. Ne5 Bb7 22. Qd2 Qxd2 23. Rxd2 Bc8 24. Nc6 Rd7 25. Ne7+ Kh8 26. Nexc8 Rxc8
27. Nxc8 Rxd2 28. Re8+ Bf8 29. Rxf8+ Kg7 30. Re8 Rxb2 31. Re7 Kf6 32. Rb7 b5
33. Nd6 b4 34. Nxf7 Rxa2 35. Ng5 Kf5 36. Rf7+ Kg4 37. h3+ Kg3 38. Ne4+ 1-0

[Event "Oberliga Ost A"]
[Site "?"]
[Date "2022.04.03"]
[Round "11.5"]
[White "Siedentopf, Daniel"]
[Black "Leibovitch, Iziaslav"]
[Result "0-1"]
[WhiteElo "2262"]
[BlackElo "2074"]
[PlyCount "66"]
[EventDate "2021.10.10"]
[EventType "team-tourn"]
[EventCountry "GER"]
[WhiteTeam "Dresden SG Gruen Weiss"]
[BlackTeam "Dessau SK"]
[WhiteTeamCountry "GER"]
[BlackTeamCountry "GER"]

1. d4 Nf6 2. c4 c5 3. d5 e5 4. Nc3 d6 5. e4 Nbd7 6. Bd3 Be7 7. Be3 O-O 8. h3
Ne8 9. Qd2 g6 10. g4 Ng7 11. Bh6 Nf6 12. f4 exf4 13. Nf3 Nd7 14. Qxf4 f6 15.
O-O-O Ne5 16. Qe3 Bd7 17. Nxe5 fxe5 18. Rdf1 Qa5 19. Qg3 Rxf1+ 20. Rxf1 Rf8 21.
Rh1 Qd8 22. h4 Rf7 23. Nd1 Qf8 24. Be2 a6 25. Ne3 Rf4 26. Rf1 Rxf1+ 27. Bxf1
Qd8 28. h5 Bg5 29. Bxg5 Qxg5 30. hxg6 hxg6 31. Kd2 Nh5 32. Qh2 Nf6 33. Kd3
Qxe3+ 0-1

[Event "Oberliga Ost A"]
[Site "?"]
[Date "2022.04.03"]
[Round "11.6"]
[White "Ozeran, Volodymyr"]
[Black "Gehmlich, Marcel"]
[Result "1/2-1/2"]
[WhiteElo "2081"]
[BlackElo "2188"]
[PlyCount "58"]
[EventDate "2021.10.10"]
[EventType "team-tourn"]
[EventCountry "GER"]
[WhiteTeam "Dessau SK"]
[BlackTeam "Dresden SG Gruen Weiss"]
[WhiteTeamCountry "GER"]
[BlackTeamCountry "GER"]

1. d4 Nf6 2. Nf3 e6 3. g3 b6 4. Bg2 Bb7 5. c4 Bb4+ 6. Bd2 Qe7 7. O-O Bxd2 8.
Qxd2 O-O 9. Nc3 d6 10. Qc2 c5 11. Rfd1 cxd4 12. Nxd4 Bxg2 13. Kxg2 a6 14. Qd3
Qc7 15. Rac1 Rd8 16. f3 Nbd7 17. Ne4 Rac8 18. Nxf6+ Nxf6 19. b3 Qb7 20. e4 Nd7
21. Qe3 Ne5 22. Rc2 b5 23. cxb5 Rxc2+ 24. Nxc2 Qxb5 25. Nd4 Qb7 26. Rd2 h6 27.
Ne2 Rd7 28. Nf4 Qc6 29. Qd4 Qc1 1/2-1/2

[Event "Oberliga Ost A"]
[Site "?"]
[Date "2022.04.03"]
[Round "11.7"]
[White "Kunze, Christopher"]
[Black "Schneider, Jens Erik"]
[Result "1/2-1/2"]
[WhiteElo "2118"]
[BlackElo "2031"]
[PlyCount "28"]
[EventDate "2021.10.10"]
[EventType "team-tourn"]
[EventCountry "GER"]
[WhiteTeam "Dresden SG Gruen Weiss"]
[BlackTeam "Dessau SK"]
[WhiteTeamCountry "GER"]
[BlackTeamCountry "GER"]

1. e4 Nf6 2. e5 Nd5 3. d4 d6 4. c4 Nb6 5. exd6 cxd6 6. Nc3 g6 7. Be3 Bg7 8. Be2
Nc6 9. h3 O-O 10. Nf3 Bf5 11. O-O d5 12. c5 Nc4 13. Bc1 Nb4 14. a3 Bc2 1/2-1/2

[Event "Oberliga Ost A"]
[Site "?"]
[Date "2022.04.03"]
[Round "11.1"]
[White "Hartge, Gedeon"]
[Black "Schunk, Thomas"]
[Result "1/2-1/2"]
[WhiteElo "2250"]
[BlackElo "2143"]
[PlyCount "103"]
[EventDate "2021.10.10"]
[EventType "team-tourn"]
[EventCountry "GER"]
[WhiteTeam "Halle USV"]
[BlackTeam "Leipzig SG II"]
[WhiteTeamCountry "GER"]
[BlackTeamCountry "GER"]

1. d4 f5 2. g3 Nf6 3. Bg2 d5 4. Nh3 e6 5. O-O Bd6 6. c4 c6 7. Bf4 O-O 8. Nd2
Qe7 9. Qc2 Bd7 10. Rad1 a5 11. Nf3 Na6 12. a3 dxc4 13. Qxc4 Nc7 14. Bxd6 Qxd6
15. Nf4 Ncd5 16. Nd3 Rab8 17. Nfe5 Be8 18. Rfe1 Bf7 19. e3 Bh5 20. Rc1 Rfe8 21.
Qc5 Qxc5 22. Rxc5 Ra8 23. Nc4 a4 24. Nce5 Re7 25. Rc4 Nb6 26. Rc2 Nbd5 27. Nc5
Be8 28. Rec1 g5 29. Kf1 Ra7 30. Ke2 Ra8 31. f3 h5 32. e4 Nb6 33. Ke3 Ra7 34.
Bf1 Nfd7 35. Nexd7 Nxd7 36. Nxd7 Bxd7 37. Rc5 Kg7 38. Bd3 Kf6 39. h4 gxh4 40.
gxh4 Rg7 41. exf5 exf5 42. Kf4 Rg2 43. R1c2 Rg1 44. Bxf5 Be8 45. Re2 Bf7 46.
Bd7 Bd5 47. Be8 Rd1 48. Bxh5 b6 49. Rc3 Rh7 50. Bg4 Rxh4 51. Ke3 Rh7 52. Rcc2
1/2-1/2

[Event "Oberliga Ost A"]
[Site "?"]
[Date "2022.04.03"]
[Round "11.2"]
[White "Pietzsch, Manuel"]
[Black "Hoepfl, Thomas"]
[Result "1/2-1/2"]
[WhiteElo "2099"]
[BlackElo "2254"]
[PlyCount "34"]
[EventDate "2021.10.10"]
[EventType "team-tourn"]
[EventCountry "GER"]
[WhiteTeam "Leipzig SG II"]
[BlackTeam "Halle USV"]
[WhiteTeamCountry "GER"]
[BlackTeamCountry "GER"]

1. e4 e5 2. Nf3 Nc6 3. Bb5 Nf6 4. Qe2 d6 5. c3 Bd7 6. O-O Be7 7. Rd1 a6 8. Ba4
O-O 9. d3 Re8 10. Nbd2 Bf8 11. Nf1 h6 12. h3 g6 13. Bb3 Na5 14. Bc2 c5 15. Ne3
Nc6 16. Nh2 Be6 17. Neg4 Nxg4 1/2-1/2

[Event "Oberliga Ost A"]
[Site "?"]
[Date "2022.04.03"]
[Round "11.3"]
[White "Schulte, Felix"]
[Black "Schultz, Andreas"]
[Result "1-0"]
[WhiteElo "2176"]
[BlackElo "2182"]
[PlyCount "99"]
[EventDate "2021.10.10"]
[EventType "team-tourn"]
[EventCountry "GER"]
[WhiteTeam "Halle USV"]
[BlackTeam "Leipzig SG II"]
[WhiteTeamCountry "GER"]
[BlackTeamCountry "GER"]

1. d4 d5 2. c4 e6 3. Nc3 Nf6 4. Bg5 Be7 5. cxd5 exd5 6. Qc2 c6 7. e3 Nbd7 8.
Bd3 h6 9. Bh4 Nh5 10. Bxe7 Qxe7 11. Nge2 Nb6 12. h3 Be6 13. g4 Nf6 14. Nf4
O-O-O 15. a4 Kb8 16. a5 Nbd7 17. Qa4 Rc8 18. Qa3 Qxa3 19. Rxa3 g5 20. Nxe6 fxe6
21. f3 h5 22. Rf1 hxg4 23. fxg4 e5 24. b4 Rce8 25. dxe5 Nxe5 26. Ne2 Rxh3 27.
Ng1 Nxd3+ 28. Rxd3 Rh7 29. Rf2 Nd7 30. Kf1 Ne5 31. Rc3 b6 32. axb6 axb6 33. Kg2
Rhe7 34. Nh3 Nf7 35. Rxc6 Rxe3 36. Rxb6+ Kc7 37. Rbf6 R8e7 38. R6f5 R3e5 39.
Rf6 d4 40. Rc2+ Kd7 41. Nf2 Nd6 42. Rd2 Rd5 43. Nd3 Ke8 44. Nc5 Nc4 45. Ra2 Rd8
46. Ne6 Rxe6 47. Rxe6+ Kf7 48. Re4 Rd5 49. Kf2 Nd6 50. Ra5 1-0

[Event "Oberliga Ost A"]
[Site "?"]
[Date "2022.04.03"]
[Round "11.5"]
[White "Sukaylo, Aleksey"]
[Black "Haufe, Laurin"]
[Result "1/2-1/2"]
[WhiteElo "2107"]
[BlackElo "2074"]
[PlyCount "77"]
[EventDate "2021.10.10"]
[EventType "team-tourn"]
[EventCountry "GER"]
[WhiteTeam "Halle USV"]
[BlackTeam "Leipzig SG II"]
[WhiteTeamCountry "GER"]
[BlackTeamCountry "GER"]

1. e4 c6 2. d4 d5 3. e5 c5 4. dxc5 e6 5. Be3 Nc6 6. Nf3 Nge7 7. c3 Qc7 8. Bd4
Ng6 9. Bb5 Bd7 10. Bxc6 Bxc6 11. a4 Be7 12. O-O O-O 13. Re1 Bd7 14. b4 a5 15.
Nbd2 f6 16. Qb3 Kh8 17. Rab1 axb4 18. Qxb4 Rfb8 19. Ra1 f5 20. g3 Qc6 21. a5
Bd8 22. Nb3 Ra6 23. Be3 Qc8 24. h4 Ne7 25. Nbd4 Nc6 26. Nxc6 bxc6 27. Qf4 Rxa5
28. h5 Rba8 29. Rab1 Be7 30. h6 g6 31. Kg2 Bxc5 32. Bxc5 Rxc5 33. Qb4 Qf8 34.
Nd4 Kg8 35. Qb7 Qc8 36. Qb4 Qf8 37. Qb7 Qc8 38. Qb4 Qf8 39. Qb7 1/2-1/2

[Event "Oberliga Ost A"]
[Site "?"]
[Date "2022.04.03"]
[Round "11.6"]
[White "Limpert, Michael"]
[Black "Luther, Juergen"]
[Result "1/2-1/2"]
[WhiteElo "2119"]
[BlackElo "2115"]
[PlyCount "23"]
[EventDate "2021.10.10"]
[EventType "team-tourn"]
[EventCountry "GER"]
[WhiteTeam "Leipzig SG II"]
[BlackTeam "Halle USV"]
[WhiteTeamCountry "GER"]
[BlackTeamCountry "GER"]

1. e4 e6 2. d4 d5 3. Nc3 Nf6 4. Bg5 Be7 5. e5 Nfd7 6. h4 h6 7. Qh5 g6 8. Bxe7
Qxe7 9. Qe2 a6 10. f4 c5 11. Nf3 Nc6 12. O-O-O 1/2-1/2

[Event "Oberliga Ost A"]
[Site "?"]
[Date "2022.04.03"]
[Round "11.7"]
[White "Groeger, Stefan"]
[Black "Greger, Ubald"]
[Result "0-1"]
[WhiteElo "2105"]
[BlackElo "2121"]
[PlyCount "88"]
[EventDate "2021.10.10"]
[EventType "team-tourn"]
[EventCountry "GER"]
[WhiteTeam "Halle USV"]
[BlackTeam "Leipzig SG II"]
[WhiteTeamCountry "GER"]
[BlackTeamCountry "GER"]

1. d4 d6 2. Nf3 Bg4 3. g3 Bxf3 4. exf3 e6 5. Bg2 c6 6. O-O Nf6 7. b3 Be7 8. Bb2
O-O 9. f4 h5 10. Nd2 Nbd7 11. Nc4 Qc7 12. Qe2 Rfe8 13. Ne3 g6 14. Qd3 Bf8 15.
c4 d5 16. Rac1 dxc4 17. bxc4 Bg7 18. d5 Rad8 19. dxe6 Rxe6 20. f5 Nc5 21. Qb1
Rxe3 22. fxe3 g5 23. Bd4 Ncd7 24. Qb2 c5 25. Bc3 b6 26. Rcd1 Ne8 27. f6 Ndxf6
28. Bd5 Nxd5 29. Rxd5 Rxd5 30. cxd5 Qe7 31. Qd2 Bxc3 32. Qxc3 Qe4 33. Rd1 Nd6
34. Qd3 Qxd3 35. Rxd3 f5 36. Ra3 a5 37. Rc3 a4 38. Ra3 b5 39. Rc3 c4 40. a3 Kf7
41. Rc1 Kf6 42. Kf1 Ke5 43. Rd1 Ne4 44. Ke1 Kd6 0-1

[Event "Oberliga Ost A"]
[Site "?"]
[Date "2022.04.03"]
[Round "11.8"]
[White "Gempe, Thomas"]
[Black "Perekhozhuk, Maksym"]
[Result "0-1"]
[WhiteElo "2162"]
[BlackElo "1978"]
[PlyCount "134"]
[EventDate "2021.10.10"]
[EventType "team-tourn"]
[EventCountry "GER"]
[WhiteTeam "Leipzig SG II"]
[BlackTeam "Halle USV"]
[WhiteTeamCountry "GER"]
[BlackTeamCountry "GER"]

{[%evp 0,116,19,9,42,-10,-6,22,52,-13,16,3,61,-7,37,17,22,17,27,7,36,28,101,34,
56,45,64,88,88,70,160,165,165,140,130,123,123,167,122,109,172,117,87,1,47,47,
131,120,112,95,95,105,93,98,99,95,112,-24,49,-28,-28,-41,5,6,0,-14,0,-6,-29,
-33,0,-74,-84,-81,-81,-94,-79,-84,-83,-89,-88,-115,-119,-102,-103,-108,-122,
-113,-113,-112,-54,-58,-79,-118,-95,-101,-107,-155,-145,-175,-183,-195,-188,
-266,-251,-261,-261,-284,-218,-256,-238,-299,-305,-317,-349,-349,-369,-378,
-353]} 1. d4 Nf6 2. c4 c5 3. d5 b5 4. Qc2 d6 5. e4 bxc4 6. f4 g6 7. Bxc4 Bg7 8.
Nf3 O-O 9. O-O Ba6 10. Na3 Qb6 11. Bd2 Nbd7 12. Bc3 Rab8 13. e5 Ng4 14. Rae1
Rbe8 15. h3 Nh6 16. g4 Qb7 17. Qd3 Bxc4 18. Nxc4 Nb6 19. Rd1 Rd8 20. exd6 exd6
21. Ng5 Nxc4 22. Qxc4 Qd7 23. Bxg7 Kxg7 24. Qc3+ Kg8 25. Ne4 f5 26. Nf6+ Rxf6
27. Qxf6 fxg4 28. Kh1 g3 29. Kg1 Nf5 30. Rfe1 Rb8 31. Qe6+ Qf7 32. Rd2 Rb4 33.
Rf1 Qxe6 34. dxe6 Re4 35. Rf3 Re1+ 36. Kg2 Nh4+ 37. Kxg3 Nxf3 38. Kxf3 Rxe6 39.
Rd3 Kf7 40. Ra3 Re7 41. Ra6 Rd7 42. Rc6 Ke6 43. Ke4 Rb7 44. b3 h5 45. Rc8 Rb4+
46. Ke3 Rb6 47. Re8+ Kf7 48. Ra8 Ra6 49. a4 Rb6 50. Rxa7+ Ke6 51. a5 Rxb3+ 52.
Kd2 Rxh3 53. a6 Kd5 54. Rg7 Ra3 55. a7 h4 56. Rxg6 Rxa7 57. Rh6 Ra2+ 58. Ke3 h3
59. Rh5+ Kc6 60. Rh6 Kd5 61. Rh5+ Kc6 62. f5 h2 63. Rh7 d5 64. Rh6+ Kd7 65. Kf4
d4 66. Ke5 Re2+ 67. Kd5 d3 0-1